Muḥāḍarāt ʻan al-qānūn al-madanī al-ʻIrāqī, (Record no. 45790)

MARC details
000 -LEADER
fixed length control field 00885cam a22002291 4500
001 - CONTROL NUMBER
control field ne 63000811
003 - CONTROL NUMBER IDENTIFIER
control field DLC
005 - DATE AND TIME OF LATEST TRANSACTION
control field 20260227111744.0
008 - FIXED-LENGTH DATA ELEMENTS--GENERAL INFORMATION
fixed length control field 930816s1959 ua 000 0 ara
010 ## - LIBRARY OF CONGRESS CONTROL NUMBER
LC control number ne 63000811
035 ## - SYSTEM CONTROL NUMBER
System control number (OCoLC)28859864
040 ## - CATALOGING SOURCE
Original cataloging agency DLC
Transcribing agency NNC-L
Modifying agency DLC
042 ## - AUTHENTICATION CODE
Authentication code premarc
043 ## - GEOGRAPHIC AREA CODE
Geographic area code a-iq---
050 00 - LIBRARY OF CONGRESS CALL NUMBER
Classification number KMJ854
Item number .N34 1959
100 1# - MAIN ENTRY--PERSONAL NAME
Personal name Nāhī, Ṣalāḥ al-Dīn ʻAbd al-Laṭīf
245 10 - TITLE STATEMENT
Title Muḥāḍarāt ʻan al-qānūn al-madanī al-ʻIrāqī,
Remainder of title al-kasb dūna sabab wa-al-faḍālah ka-maṣdarayn lil-iltizām,
Statement of responsibility, etc. alqāhā Ṣalāḥ al-Dīn al-Nāhī ʻalá ṭalabat qism al-dirāsāt al-qānūnīyah, 1958.
260 ## - PUBLICATION, DISTRIBUTION, ETC.
Place of publication, distribution, etc. [al-Qāhirah]
Name of publisher, distributor, etc. Jāmiʻat al-Duwal al-ʻArabīyah, Maʻhad al-Dirāsāt al-ʻArabīyah al-ʻĀliyah,
Date of publication, distribution, etc. 1959.
300 ## - PHYSICAL DESCRIPTION
Extent 240 p.
Dimensions 24 cm.
650 #0 - SUBJECT ADDED ENTRY--TOPICAL TERM
Topical term or geographic name entry element Unjust enrichment
Geographic subdivision Iraq.
650 #0 - SUBJECT ADDED ENTRY--TOPICAL TERM
Topical term or geographic name entry element Quasi contracts
Geographic subdivision Iraq.

No items available.

Powered by Koha